Les 20 plus grandes villes de la Marne sur une carte - Statistiques

Statistiques générales
  • Ce quiz a été pris 73 fois
  • Le résultat moyen est 10 sur 20
Réponses sur la Carte
Les réponses sont colorées sur une échelle allant du rouge au vert en fonction du pourcentage des utilisateurs qui les ont devinées à leur premier essai. Vous pouvez retrouver ces pourcentages ci-dessous.
 
Statistiques - réponses
Population
Initiale
Ville % Correct
177 674 R Reims
100%
42 971 C Châlons-en-Champagne
97%
22 174 É Épernay
93%
10 996 V Vitry-le-François
85%
10 771 T Tinqueux
64%
4 576 S Sézanne
58%
6 534 C Cormontreuil
56%
5 850 F Fismes
53%
4 950 W Witry-lès-Reims
49%
4 146 S Sainte-Menehould
47%
5 039 B Bezannes
42%
5 103 A Aÿ-Champagne
39%
6 975 B Bétheny
39%
4 895 M Mourmelon-le-Grand
39%
5 441 S Saint-Memmie
39%
4 858 F Fagnières
32%
3 938 S Suippes
32%
3 535 M Montmirail
31%
3 080 B Blancs-Coteaux
25%
3 566 S Saint-Brice-Courcelles
25%
Aucun quiz correspondant
Distribution des résultats
% des personnes avec chaque résultat
Percentile par nombre de réponses
Votre historique - résultats
Vous n’avez pas pris ce quiz